| 000 | 00826nam a2200241Ia 4500 | ||
|---|---|---|---|
| 003 | OSt | ||
| 005 | 20260324093844.0 | ||
| 008 | 220923b |||||||| |||| 00| 0 eng d | ||
| 020 | _a0 521 39083 4 | ||
| 037 | _cGeneral Book | ||
| 040 |
_aRTL _cRTL _beng |
||
| 041 |
_2eng _aeng |
||
| 084 |
_aY:47.595.N8, N1 _qRTL |
||
| 100 |
_aKennedy Michael D _9249407 |
||
| 245 | 0 | _aProfessionals, power and solidarity in poland: a critical sociology of Soviet- type society | |
| 260 |
_aCambridge _bCambridge University Press _c1991 |
||
| 300 |
_axiv, 421 p. _bIncludes bibliographical references and index |
||
| 490 | _aSoviet and East European Studies, 79 | ||
| 500 | _aBibliography:P391-413 | ||
| 650 |
_aSocial Movements _934468 |
||
| 942 |
_hY:47.595.N8, N1 _cGB _2CC |
||
| 999 |
_c494168 _d494168 |
||